000 01262cam a22003737a 4500
001 14284006
003 OSt
005 20220228121437.0
008 060302s2002 sz a b 001 0 eng d
010 _a 2006271968
016 7 _a963597523
_2GyFmDB
020 _a9788120332171
035 _a(OCoLC)ocm50005794
038 _akhadija
040 _aOHX
_cOHX
_dWAU
_dOCLCQ
_dBAKER
_dDLC
042 _alccopycat
050 0 0 _aTA335
_b.A58 2002
072 7 _aQA
_2lcco
082 0 0 _a518.0262
_222
_bRAO
100 1 _aRao, K. Sankara
_989767
245 1 0 _aNumerical methods for scientists and engineers /
_cRao, K. Sankara.
250 _a3rd ed
260 _aBasel ; Boston :
_bBirkhäuser,
_c2011.
300 _axxii, 842 p. :
_bill. ;
_c25 cm. +
500 _aCopyright Hindustan Book Agency (India).
504 _aIncludes bibliographical references and index.
563 _apaperback
650 0 _aEngineering mathematics.
_92310
650 0 _aNumerical analysis.
_9103
856 4 2 _3Publisher description
_uhttp://www.loc.gov/catdir/enhancements/fy0906/2006271968-d.html
906 _a7
_bcbc
_ccopycat
_d2
_encip
_f20
_gy-gencatlg
942 _2ddc
_cBK
999 _c33128
_d33128